Measuring poverty comes with numerous challenges / (Record no. 879)
| 000 -LEADER | |
|---|---|
| fixed length control field | 00705nam a22001937a 4500 |
| 003 - CONTROL NUMBER IDENTIFIER | |
| control field | OSt |
| 005 - DATE AND TIME OF LATEST TRANSACTION | |
| control field | 20140116120840.0 |
| 008 - FIXED-LENGTH DATA ELEMENTS--GENERAL INFORMATION | |
| fixed length control field | 120210t xxu||||| |||| 00| 0 eng d |
| 022 ## - INTERNATIONAL STANDARD SERIAL NUMBER | |
| International Standard Serial Number | 1232 |
| 100 ## - MAIN ENTRY--PERSONAL NAME | |
| Personal name | Aseka, Collins. |
| 245 ## - TITLE STATEMENT | |
| Title | Measuring poverty comes with numerous challenges / |
| Statement of responsibility, etc | Collins Aseka. |
| 260 ## - PUBLICATION, DISTRIBUTION, ETC. (IMPRINT) | |
| Place of publication, distribution, etc | Nairobi : |
| Name of publisher, distributor, etc | Nation Media Group, |
| Date of publication, distribution, etc | Thursday January 5, 2012 . |
| 300 ## - PHYSICAL DESCRIPTION | |
| Extent | p. 9 |
| 440 ## - SERIES STATEMENT/ADDED ENTRY--TITLE | |
| Title | Business Daily, January 2012. |
| 520 ## - SUMMARY, ETC. | |
| Summary, etc | This article provides distinction among poverty, inequality and vulnerability concept and elaborates the concept of poverty measurement. |
| 650 ## - SUBJECT ADDED ENTRY--TOPICAL TERM | |
| Topical term or geographic name as entry element | Measuring poverty. |
| Geographic subdivision | Kenya. |
| 650 ## - SUBJECT ADDED ENTRY--TOPICAL TERM | |
| Topical term or geographic name as entry element | poverty-- monetary measures |
| 942 ## - ADDED ENTRY ELEMENTS (KOHA) | |
| Source of classification or shelving scheme | |
| Koha item type | Article |
| Withdrawn status | Lost status | Source of classification or shelving scheme | Damaged status | Not for loan | Home library | Current library | Date acquired | Total Checkouts | Full call number | Date last seen | Price effective from | Koha item type |
|---|---|---|---|---|---|---|---|---|---|---|---|---|
| Riara University Library | Riara University Library | 10/02/2012 | Periodical | 10/02/2012 | 10/02/2012 | Article |
